00427nam a2200157Ia 45000010006000000050017000060080041000230410008000640820016000721000044000882450076001322600009002083000036002176500008002536540008002611393420260306164837.0260306t2006||||xx |||||||||||||| ||spa|| aESP a005.73bP39 aPeláez Sánchez, José IgnacioeAUT 0aAnálisis y diseño de algoritmos:bun enfoque teórico y práctico c2006 axxviii, 409 páginas :c24 cm. aGEN aCCC